BULLY Tracklist (Kanye West) - Statistics

General Stats
  • This quiz has been taken 146 times
    144 since last reset
  • The average score is 15 of 18
Answer Stats
# Title % Correct
1 KING
99%
3 FATHER (feat. Travis Scott)
97%
4 ALL THE LOVE (feat. Andre Troutman)
96%
14 PREACHER MAN
88%
9 BULLY (feat. CeeLo Green)
86%
13 CIRCLES (feat. Don Toliver)
84%
5 PUNCH DRUNK
84%
15 BEAUTY AND THE BEAST
83%
17 LAST BREATH (feat. Peso Pluma)
81%
2 THIS A MUST
81%
16 DAMN
78%
10 HIGHS AND LOWS
78%
7 MAMA'S FAVORITE
78%
8 SISTERS AND BROTHERS
78%
18 THIS ONE HERE
77%
6 WHATEVER WORKS
74%
12 WHITE LINES (feat. Andre Troutman)
74%
11 I CAN'T WAIT
70%
No matching quizzes found
Score Distribution
Percent of People with Each Score
Percentile by Number Answered
Your Score History
You have not taken this quiz since the last reset